Statistics for Top Languages of Alberta

Click here to take the quiz!

General Stats

  • This quiz has been taken 15 times
  • The average score is 15 of 20

Answer Stats

SpeakersLanguage% Correct
119,710Chinese /Cantonese/Mandarin/Min Nan/Hakka
100%
2,972,670English
100%
70,440French
100%
63,570German
93%
54,685Spanish
93%
16,495Hindi
87%
19,780Polish
87%
17,465Russian
87%
17,400Korean
80%
68,315Punjabi
80%
98,360Tagalog
80%
23,015Vietnamese
80%
40,695Arabic
73%
21,215Ukrainian
73%
26,860Urdu
73%
16,005Dutch
53%
22,970Indigenous Languages /Cree/Blackfoot/Dene/Ojibwe
53%
12,775Gujarati
33%
14,835Farsi
27%
15,515Niger-Congo Languages /Swahili/Twi/Kinyarwanda/Kirundi
13%

Score Distribution

Percentile by Number Answered

Percent of People with Each Score

Your Score History

You have not taken this quiz